000 00783nam a2200253Ia 4500
003 OSt
005 20221005052056.0
006 a|||||r|||| 00| 0
007 ta
008 221004b |||||||| |||| 00| 0 eng d
020 _a1904449476 (hbk)
_c1392.8
024 _a101653
037 _b3737, 03/03/2010, Bharat Scientific Syndicate
_cTextual
040 _aCRL
_cCRL
_beng
041 _2eng
_aeng
082 _aO111:g(V47), P5
100 _aSagar Keith
_912401
245 0 _aLiterature and the crime against nature
260 _aLondon
_bChaucer Press UK
_c2005
300 _axvi,398p.
_ccm.
650 _aENGLISH LITERATURE
942 _hO111:g(V47), P5
_cTEXL
_2cc
999 _c959748
_d959748